| 000 | 00896nam a2200289Ia 4500 | ||
|---|---|---|---|
| 003 | OSt | ||
| 005 | 20220928121740.0 | ||
| 006 | a|||||r|||| 00| 0 | ||
| 007 | ta | ||
| 008 | 220927b |||||||| |||| 00| 0 eng d | ||
| 020 | _c10454.513999999999 | ||
| 024 | _a100768 | ||
| 037 |
_b144, 22/10/2009, N.R.Book Distributors _cTextual |
||
| 040 |
_aSDCL _cSDCL _beng |
||
| 041 |
_2eng _aeng |
||
| 082 | _aG:5276, P9 | ||
| 100 |
_aSingh Ajay Au. _9454077 |
||
| 245 | 0 | _aAdvances in applied bioremdiation. | |
| 260 |
_aBerlin _bSpringer _c2009 |
||
| 300 |
_axiii,361p. _ccm. |
||
| 490 | _aSoil biology|17 | ||
| 650 | _aMicrobiology | ||
| 700 |
_a Kuhad Ramesh C Ed. _9454078 |
||
| 700 |
_a Ward Owen P Ed. _9454079 |
||
| 942 |
_hG:5276, P9 _cTEXL _2CC |
||
| 999 |
_c767915 _d767915 |
||